000 00763cam a2200313 4500
008 090401t1996 xxu||||| |||| 00| 0 eng d
020 _a0752001558
035 _a(Sirsi) u65219
041 _aeng
050 _a711.026
100 _aBrand, C.M.
245 _aPlanning law for conveyancers.
250 _a4th ed.
260 _aLondon
_bFT Law & Tax
_c1996
300 _axxxi,221p. ; 22cm.
350 _a37
490 _aFT Law and Tax Practitioner Series
650 _aCONVEYANCING
650 _aFEES
650 _aMINERALS
650 _aMOBILE HOMES
650 _aPLANNING FEES
650 _aPLANNING LAW
650 _aSEARCHES
690 _aPLANNING LAW AND PRACTICE
700 _aWilliams, D.W.
942 _n0
948 _c04/03/1997
999 _c94744
_d94744